| 000 | 00368nam a2200133Ia 4500 | ||
|---|---|---|---|
| 008 | 231129s2005||||xx |||||||||||||| ||spa|| | ||
| 020 | _a958-97724-7-1 | ||
| 082 | _a(i) CD 02 LIT - 07 | ||
| 100 | _aMurillo Vargas Nestor Alberto | ||
| 245 | 0 | _aRumpelstiltskin | |
| 260 | _c2005 | ||
| 264 | _aPereira : Nesmur | ||
| 942 |
_2ddc _cBKS |
||
| 999 |
_c24213 _d24213 |
||